| 000 | 00779nam a2200265 a 4500 | ||
|---|---|---|---|
| 001 | |||
| 003 | OSt | ||
| 005 | 20220519130312.0 | ||
| 007 | ta | ||
| 008 | 081112s2020 dr a 000 0 spa d | ||
| 020 | _a9789945220506 | ||
| 040 |
_aBPMSU _bspa _cBPMSU |
||
| 082 | 4 |
_aR-920.7 _bR763D 2020 _222 |
|
| 100 | 1 | _aRomero, Santo | |
| 245 | 1 | 0 |
_aDios y educación / _cSanto Romero. |
| 260 |
_aSanto Domingo : _bBúho, _c2020 |
||
| 300 |
_a708 p. : _bil., fots., retrs.; _c21 cm. |
||
| 500 | _aIncluye datos biográficos del autor en la contracubierta | ||
| 504 | _aBibliografía : p. 705-708 | ||
| 590 | _aInventariado, 2022/VM | ||
| 650 | 4 |
_aEducación _zRepública Dominicana |
|
| 651 | 4 |
_aRepública Dominicana _vBiografías |
|
| 910 | _aVMateo V. | ||
| 942 |
_2ddc _cBK |
||
| 999 |
_c14210 _d14210 |
||